|
|
|
|
| LEADER |
00662nam a2200217Ia 4500 |
| 008 |
241007s9999||||xx |||||||||||||| ||und|| |
| 040 |
|
|
|a BIBLIOTECA-RURC/ 658.575 C745
|
| 041 |
|
|
|a spa
|
| 082 |
|
|
|a 658.575 C745
|
| 100 |
1 |
|
|a Conde Collado, Javier
|
| 100 |
1 |
|
|b Fadon Salazar, Fernando.
|
| 100 |
1 |
|
|c Domínguez Somonte, Manuel
|
| 245 |
1 |
0 |
|a Diseño gráfico, imagen y desarrollo de productos
|
| 260 |
|
|
|b Universidad Nacional de Educación a Distancia (UNED)
|c [s.f]
|
| 300 |
|
|
|a 114 p. :il.
|
| 650 |
7 |
|
|a DESARROLLO DE PRODUCTOS
|
| 650 |
7 |
|
|b DISEÑO-PRODUCTOS
|
| 650 |
7 |
|
|c ESTRATEGIAS PARA EL DISEÑO
|
| 942 |
|
|
|c BK
|2 ddc
|
| 991 |
|
|
|a TEXTO
|
| 999 |
|
|
|c 14563
|